Development of Muslim Art and Architecture in Bangladesh / (Record no. 12276)
[ view plain ]
| 000 -LEADER | |
|---|---|
| fixed length control field | 00795nam a2200265 a 4500 |
| 001 - CONTROL NUMBER | |
| JCCL Control Number | 12276 |
| 003 - CONTROL NUMBER IDENTIFIER | |
| JCCL marc code | BD-JhCC |
| 005 - DATE AND TIME OF LATEST TRANSACTION | |
| control field | 20210921091525.0 |
| 008 - FIXED-LENGTH DATA ELEMENTS--GENERAL INFORMATION | |
| fixed length control field | 210921b2014 bg a|||| ||a| 000 0 eng d |
| 020 ## - INTERNATIONAL STANDARD BOOK NUMBER | |
| International Standard Book Number | 9789848471180 |
| 035 ## - SYSTEM CONTROL NUMBER | |
| system control number | (BD-JhCC)12276 |
| 040 ## - CATALOGING SOURCE | |
| Original cataloging agency | BD-JhCC |
| Modifying agency | BD-JhCC |
| 041 ## - LANGUAGE CODE | |
| Language code of Book | english |
| 082 ## - DEWEY DECIMAL CLASSIFICATION NUMBER | |
| Classification number | 726.20902 |
| Author mark and Year | ISL 2014 |
| 100 ## - MAIN ENTRY--PERSONAL NAME | |
| Personal name | Islam, Muhammad Ashraful |
| 245 ## - TITLE STATEMENT | |
| Title | Development of Muslim Art and Architecture in Bangladesh / |
| Statement of responsibility, etc | Muhammad Ashraful Islam, M. Nurul Islam Manjur. |
| 260 ## - PUBLICATION, DISTRIBUTION, ETC. (IMPRINT) | |
| Place of publication, distribution, etc | Dhaka: |
| Name of publisher, distributor, etc | Bangladesh Institute of islamic thoght(BIIT); |
| Date of publication, distribution, etc | 2014. |
| 300 ## - PHYSICAL DESCRIPTION | |
| Pagination | 312 p. : |
| Dimensions | 24 cm. |
| 490 ## - SERIES STATEMENT | |
| Series statement | Human Science Series-03 |
| 650 ## - SUBJECT ADDED ENTRY--TOPICAL TERM | |
| Topical term or geographic name as entry element | Islamic architecture |
| 650 ## - SUBJECT ADDED ENTRY--TOPICAL TERM | |
| Topical term or geographic name as entry element | Islamic Art |
| 700 ## - ADDED ENTRY--PERSONAL NAME | |
| Personal name | Manjur, M. Nurul Islam |
| 942 ## - ADDED ENTRY ELEMENTS (KOHA) | |
| Source of classification or shelving scheme | Dewey Decimal Classification |
| Koha item type | Books |
| Source of classification or shelving scheme | Damaged status | Not for loan | Home library | Current library | Shelving location | Date of accession | Cost, normal purchase price | Total Checkouts | Full call number | Barcode | Date last seen | Date checked out | Copy number | Koha item type |
|---|---|---|---|---|---|---|---|---|---|---|---|---|---|---|
| Dewey Decimal Classification | JCC Rouf Library | JCC Rouf Library | General Stacks | 09/20/2023 | 120.00 | 1 | 726.20902 ISL 2014 | 16967 | 09/20/2023 | 09/20/2023 | C-1 | Books |